00377nam a22001337a 450000500170000000800410001704100130005808200130007110000120008424500390009626000510013530000320018665000250021820240816103341.0240816b |||||||| |||| 00| 0 eng d aEnglish  a349 LAW  lEnglish aThe Law Reports: Probate Division  aLondon: bWilliam Clowes and Sons Ltd, c1903  bxviii, 276 pages; c25 cm.  aLegal practice bLaw